000 00398nam a2200169Ia 4500
005 20250603145741.0
008 250603s9999 xx 000 0 und d
020 _a9789108189
050 _aPR 9379.9 .S66/
245 0 _aSongs of gold : fresh perspectives on clark
260 _aLagos
260 _bKraft Books Limited
260 _c2011
300 _a266 p
650 _aLagos
942 _cBK
999 _c42742
_d42742